|
|
|
|
| LEADER |
00787nam a22002297a 4500 |
| 003 |
GR-PaULI |
| 005 |
20180925103733.0 |
| 007 |
ta |
| 008 |
180925b ||||f |||| 00| 0 gre d |
| 999 |
|
|
|c 136319
|d 136319
|
| 040 |
|
|
|a GR-PaULI
|b gre
|c GR-PaULI
|e AACR2
|
| 060 |
|
|
|a QZ 50
|
| 100 |
1 |
|
|9 171113
|a Dorfman, Albert,
|d 1916-1982
|e συγγραφέας
|
| 245 |
1 |
0 |
|a Κληρονομήσιμοι νόσοι του συνδετικού ιστού /
|c Albert Dorfman.
|
| 260 |
|
|
|a [χ.τ.]:
|b [χ.ό.],
|c [χ.χ.].
|
| 300 |
|
|
|a 20 σ. ;
|c 24 εκ.
|
| 490 |
|
|
|a Das medizinische prisma
|
| 504 |
|
|
|6 Περιλαμβάνει βιβλιογραφία.
|
| 650 |
|
4 |
|9 14536
|a Ιατρική γενετική
|
| 830 |
|
4 |
|9 171030
|a Das medizinische prisma
|
| 942 |
|
|
|2 nlm
|c BKN
|
| 998 |
|
|
|c ΜΑΝΙΑΚΗ
|d 2018
|